Is there a meaning in this text? : (Record no. 9986)

MARC details
000 -LEADER
fixed length control field 02712cam a2200385 i 4500
001 - CONTROL NUMBER
control field 38475432
003 - CONTROL NUMBER IDENTIFIER
control field OCoLC
005 - DATE AND TIME OF LATEST TRANSACTION
control field 20241126110723.0
008 - FIXED-LENGTH DATA ELEMENTS--GENERAL INFORMATION
fixed length control field 980209s1998 miu b 001 0 eng
010 ## -
-- 98012627
020 ## - INTERNATIONAL STANDARD BOOK NUMBER
International Standard Book Number 0310211565
Qualifying information (hardcover ;
-- alk. paper)
020 ## - INTERNATIONAL STANDARD BOOK NUMBER
International Standard Book Number 9780310211563
Qualifying information (hardcover ;
-- alk. paper)
020 ## - INTERNATIONAL STANDARD BOOK NUMBER
International Standard Book Number 9780310324690
Qualifying information (softcover)
020 ## - INTERNATIONAL STANDARD BOOK NUMBER
International Standard Book Number 0310324696
Qualifying information (softcover)
035 ## - SYSTEM CONTROL NUMBER
System control number tcgc279858
035 ## - SYSTEM CONTROL NUMBER
System control number (OCoLC)38475432
Canceled/invalid control number (OCoLC)1135982744
040 ## - CATALOGING SOURCE
Original cataloging agency DLC
Language of cataloging eng
Description conventions rda
Transcribing agency DLC
Modifying agency LTS
050 00 -
-- BS476
-- .V34 1998
082 00 - DEWEY DECIMAL CLASSIFICATION NUMBER
Classification number 220.601
Edition information 21
Item number VAN
090 ## - LOCALLY ASSIGNED LC-TYPE CALL NUMBER (OCLC); LOCAL CALL NUMBER (RLIN)
Classification number (OCLC) (R) ; Classification number, CALL (RLIN) (NR) BS476
Local cutter number (OCLC) ; Book number/undivided call number, CALL (RLIN) .V34 1998
100 1# - MAIN ENTRY--PERSONAL NAME
Personal name Vanhoozer, Kevin J.
Authority record control number or standard number https://id.loc.gov/authorities/names/n88207207
9 (RLIN) 13992
245 10 - TITLE STATEMENT
Title Is there a meaning in this text? :
Remainder of title the Bible, the reader, and the morality of literary knowledge /
Statement of responsibility, etc. Kevin J. Vanhoozer.
264 #1 - PRODUCTION, PUBLICATION, DISTRIBUTION, MANUFACTURE, AND COPYRIGHT NOTICE
Place of production, publication, distribution, manufacture Grand Rapids, Mich. :
Name of producer, publisher, distributor, manufacturer Zondervan,
Date of production, publication, distribution, manufacture, or copyright notice [1998]
264 #4 - PRODUCTION, PUBLICATION, DISTRIBUTION, MANUFACTURE, AND COPYRIGHT NOTICE
Date of production, publication, distribution, manufacture, or copyright notice ℗♭1998
300 ## - PHYSICAL DESCRIPTION
Extent 496 pages ;
Dimensions 24 cm
336 ## - CONTENT TYPE
Content type term text
Content type code txt
Source rdacontent
337 ## - MEDIA TYPE
Media type term unmediated
Media type code n
Source rdamedia
338 ## - CARRIER TYPE
Carrier type term volume
Carrier type code nc
Source rdacarrier
504 ## - BIBLIOGRAPHY, ETC. NOTE
Bibliography, etc. note Includes bibliographical references (pages 469-485) and indexes.
505 00 - FORMATTED CONTENTS NOTE
Title Introduction: Theology and Literary Theory --
Miscellaneous information 1.
Title Faith Seeking Textual Understanding --
Miscellaneous information pt. 1.
Title Undoing Interpretation: Authority, Allegory, Anarchy --
Miscellaneous information 2.
Title Undoing the Author: Authority and Intentionality --
Miscellaneous information 3.
Title Undoing the Book: Textuality and Indeterminacy --
Miscellaneous information 4.
Title Undoing the Reader: Contextuality and Ideology --
Miscellaneous information pt. 2.
Title Redoing Interpretation: Agency, Action, Affect --
Miscellaneous information 5.
Title Resurrecting the Author: Meaning As Communicative Action --
Miscellaneous information 6.
Title Redeeming the Text: The Rationality of Literary Acts --
Miscellaneous information 7.
Title Reforming the Reader: Interpretive Virtue, Spirituality, and Communicative Efficacy.
-- Conclusion: A Hermeneutics of the Cross --
Miscellaneous information 8.
Title Hermeneutics of Humility and Conviction.
520 1# - SUMMARY, ETC.
Summary, etc. "Is there a meaning in the Bible, or is meaning rather a matter of who is reading or of how one reads? Does Christian doctrine have anything to contribute to debates about interpretation, literary theory, and postmodernity? These are questions of crucial importance for contemporary biblical studies and theology alike." "Kevin Vanhoozer contends that the postmodern crisis in hermeneutics - "incredulity towards meaning," a deep-set skepticism concerning the possibility of correct interpretationis fundamentally a crisis in theology provoked by an inadequate view of God and by the announcement of God's "death.""--BOOK JACKET.
630 00 - SUBJECT ADDED ENTRY--UNIFORM TITLE
Uniform title Bible
General subdivision Hermeneutics.
Authority record control number or standard number https://id.loc.gov/authorities/subjects/sh85013650
9 (RLIN) 1790
650 #0 - SUBJECT ADDED ENTRY--TOPICAL TERM
Topical term or geographic name entry element Hermeneutics.
Authority record control number or standard number https://id.loc.gov/authorities/subjects/sh85060402
9 (RLIN) 1913
942 ## - ADDED ENTRY ELEMENTS (KOHA)
Source of classification or shelving scheme Dewey Decimal Classification
Koha item type Books
Holdings
Withdrawn status Lost status Source of classification or shelving scheme Damaged status Not for loan Home library Current Library Shelving location Date acquired Total checkouts Full call number Barcode Date last seen Date last checked out Copy number Price effective from Koha item type
    Dewey Decimal Classification     GRACE BIBLE COLLEGE GRACE BIBLE COLLEGE Biblical Studies 2023-11-25 1 220.601 VAN 020656 2026-02-25 2026-02-23 c.1 2023-11-25 Books
© Grace Bible College Library 2025